000 00444cam a2200181ua 4500
020 _cRs 2.25
041 _amal
_h
082 _a894.812 2
_bRAM/CH
100 _aRamakurup, N .
245 _aChakkichankaram /
_cN Ramakurup.
_hTextual Documents
260 _aKottayam :
_bNational Book Stall ,
_c1961.
300 _a183 ; .
365 _aRs 2.25
504 _a
650 _aDrama - Malayalam
942 _cBK
999 _c449
_d449